Sports Quiz

Random Sports or Football Quiz

Mike Sheahan's Top 50 AFL Footballers 2005 Quiz Stats

 Plays Quiz not verified by Sporcle

Challenge
Share
Tweet
Embed
Score 0/50 Timer 15:00
0 Plays Today
Rank Player % Correct
2Chris Judd
96.8%
3Warren Tredrea
93.5%
1Nick Riewoldt
92.9%
5Michael Voss
92.3%
10Jonathan Brown
92.3%
6James Hird
91.6%
18Ben Cousins
91%
4Barry Hall
90.3%
41Nathan Brown
89.7%
9Simon Black
87.1%
15Jason Akermanis
84.5%
21Adam Goodes
83.9%
49Kane Cornes
83.9%
8Chad Cornes
83.2%
12Matthew Lloyd
81.3%
16Nathan Buckley
81.3%
7Nigel Lappin
79.4%
28Matthew Lappin
78.1%
35Brent Harvey
76.1%
44Brad Johnson
75.5%
29Daniel Kerr
74.8%
31Chris Johnson
74.8%
50Gary Ablett
74.8%
45Dean Cox
72.9%
13Matthew Scarlett
72.3%
Rank Player % Correct
25Andrew McLeod
70.3%
47Lenny Hayes
70.3%
14Mark Ricciuto
69%
22Shane Crawford
67.7%
20Peter Burgoyne
65.8%
39Matthew Richardson
65.2%
19Luke Power
63.9%
40Matthew Pavlich
63.2%
11Mal Michael
62.6%
27Justin Leppitsch
62.6%
46Chad Fletcher
62.6%
23Brendan Fevola
61.9%
17Fraser Gehrig
60%
34Brett Kirk
56.8%
26Jeff White
54.8%
48Leo Barry
53.5%
37Nick Stevens
51.6%
30Luke Ball
51%
32Cameron Ling
45.8%
42Andrew Embley
43.9%
36James Clement
38.7%
24Peter Everitt
37.4%
43Cameron Bruce
31.6%
38Daniel Wells
26.5%
33Adam McPhee
20.6%

You're not logged in!

Compare scores with friends on all Sporcle quizzes.
OR
Log In

You Might Also Like...

Show Comments

Extras

Top Quizzes Today


Score Distribution

Your Account Isn't Verified!

In order to create a playlist on Sporcle, you need to verify the email address you used during registration. Go to your Sporcle Settings to finish the process.

Report this User

Report this user for behavior that violates our Community Guidelines.

Details: